000 00745cam a22002533a 4500
001 16898
003 PGUSA
005 20140828083347.0
008 051018s2005||||xxu|||||s|||||000 p eng d
040 _aPGUSA
_beng
042 _adc
050 4 _aPR
100 1 _aQuiller-Couch, Arthur,
_d1863-1944
245 1 0 _aGreen Bays. Verses and Parodies
_h[electronic resource] /
_cArthur Quiller-Couch
260 _bProject Gutenberg,
_c2005
506 _aPublic domain in the USA.
516 _aElectronic text
653 _aOmar Khayyam -- Parodies, imitations, etc.
653 _aParodies
653 _aUniversity of Oxford -- Poetry
830 0 _aProject Gutenberg
_v16898
856 4 0 _uhttp://www.gutenberg.org/ebooks/16898
942 _cEB
999 _c246153
_d246153